| 000 | 00589nab#a2200193#c#4500 | ||
|---|---|---|---|
| 999 |
_c53660 _d53660 |
||
| 003 | IEF | ||
| 005 | 20191204123039.0 | ||
| 008 | 950704s1976 uuu|| #####0 b| |u | ||
| 040 |
_aIEF _cES-MaIEF |
||
| 100 | 1 |
_aMateo del Peral, Diego _928622 |
|
| 245 |
_aAntonio Flores de Lemus, custodio del interés público en el Banco de España _c Diego Mateo del Peral |
||
| 260 | _c1976 | ||
| 650 | 4 |
_aHOMENAJES _945439 |
|
| 650 | 4 |
_aFLORES DE LEMUS, ANTONIO (1876-1941) _944347 |
|
| 773 | 0 |
_tHacienda pública española _w34570 _g42-43, p. 75-89 |
|
| 942 | _2udc | ||
| 942 | _2udc | ||